| 000 | 00879nam a22002657a 4500 | ||
|---|---|---|---|
| 001 | 7918 | ||
| 003 | FISKH | ||
| 005 | 20250814082555.0 | ||
| 008 | 250814b cb ||||| |||| 00| 0 eng d | ||
| 020 | _a9780399252761 | ||
| 040 |
_aFISKH _beng _cFISKH _dFISKH458 LCC PZ7.H78755 P |
||
| 050 | _aPZ7.H78755 P | ||
| 082 | _a458 | ||
| 100 | _aHorowitz, Dave | ||
| 245 |
_aPretty, pretty bunny / _cDave Horowitz |
||
| 260 |
_aNew York : _bPenguin Young Reader, _c2011. |
||
| 300 |
_a30 unnumbered pages : _bcolor illustrations ; _c24 x 28 cm |
||
| 505 | _aE | ||
| 520 | _aA pretty rabbit, Narcissa, makes fun of any creature that is not as lovely as herself until she offends a magic frog and finds her own beauty changing. | ||
| 521 | 8 |
_a160
_bLexile estimate |
|
| 521 | 8 |
_aE
_bRaz-Plus |
|
| 650 |
_aPicture Book _vBullying |
||
| 942 |
_2ddc _cBK _n0 |
||
| 999 |
_c7918 _d7918 |
||